00658pam a2200205 a 4500020001700000040000800017082002600025245006400051250001200115260003600127300004100163500002600204650001000230650001200240700002100252700002400273700002300297856006600320856006600386 a0834802481 : cDLC00a895 WEA 1992 A092 Or.02aA Haiku menagerie :bliving creatures in poems and prints / a1st ed. aNew York :bWeatherhill,c1992. a115 p. :bill. (some col.) ;c21 cm. aEnglish and Japanese. 0aHaiku 0aAnimals1 aAddiss, Stephen,1 aYamamoto, Fumiko Y.1 aYamamoto, Akira Y.42uhttp://www.loc.gov/catdir/enhancements/fy0664/92018921-b.html42uhttp://www.loc.gov/catdir/enhancements/fy0664/92018921-d.html